000 01043nam a2200325 i 4500
001 91921
003 ES-MaACL
005 20250828112809.0
007 t|
008 050307s2003 sp a |||| | spa d
020 _a84-362-4972-0
080 _a316.736
080 _a004.738.5:316.42
080 _a316.77
100 1 _aAparici, Roberto.
_922040
245 1 0 _aCultura popular, industrias culturales y ciberespacio /
_cRoberto Aparici, Víctor Marí Sáez.
250 _a1ª ed.
260 _aMadrid :
_bUNED,
_c2003.
300 _a582 p. :
_bil. ;
_c24 cm.
490 1 _aUnidades didácticas
504 _aReferencias bibliográficas.
650 4 _aCultura de masas.
_911522
650 1 4 _aInternet-
_xAspectos sociales.
_913876
650 1 4 _aIndustria cultural.
_913721
650 4 _aMedios de comunicación social-
_xInnovaciones tecnológicas.
_9152871
700 1 _aMarí Sáez, Víctor Manuel.
_976652
830 0 0 _aUnidades didácticas (UNED)
_9184098
852 _aES-MaACL
_jL-28623
999 _c91921
_d91921